| 000 | 01127nac a22002897a 4500 | ||
|---|---|---|---|
| 001 | BR8000469 | ||
| 003 | BR-BrBNA | ||
| 005 | 20240105114619.0 | ||
| 008 | 230509b bl.|||m| |||| 00| 0 por d | ||
| 040 |
_aBR-BrBNA _bpor _cBiblioteca Nacional de Agricultura |
||
| 072 | _aH20 | ||
| 090 | _a0940 BR8000469 | ||
| 100 | 1 | _aMattos, C.S. | |
| 110 | 1 | _aEmpresa Catarinense de Pesquisa Agropecuaria S.A., Florianopolis, SC (Brasil) | |
| 245 | 1 | _aQueda de produtividade em Vitis vinifera L., CULTIVAR Merlot, e sua relacao com sintomas do virus do enrolamento [Uva; Brasil] | |
| 246 | 1 | _a[Productiveness decrease in Vitis vinifera L., Merlot cultivar and its relationship with symptoms of the "rolling up" virus [Grape; Brazil]] | |
| 260 | 3 |
_aFlorianopolis, SC (Brasil): _c1980. |
|
| 300 | _a8 p. | ||
| 490 |
_aComunicado Tecnico - Empresa Catarinense de Pesquisa Agropecuaria S.A. (Brazil) _vno. 28 _xISSN 0100-4719 |
||
| 500 | _aSummary (Pt) | ||
| 650 | _aDoenca de planta | ||
| 650 | _aUva | ||
| 650 | _aVirus | ||
| 650 | _aEnrolamento | ||
| 909 |
_a202312 _bLúcia Elande _c55 _dLúcia Elande |
||
| 942 |
_2AGRIS _n0 _cMS |
||
| 999 |
_c270349 _d270349 |
||